000
00276nam a22001217a 4500
008
171004b xxu||||| |||| 00| 0 eng d
041
_a
eng
080
_a
159.9
100
_a
48
101
_a
PSI
245
_a
TECHNIQUES OF FAMILY PSICHOTHERAPY
_c
BLOCH, D.A
942
_2
udc
_c
BK
999
_c
31624
_d
31624